|
|
|
|
| LEADER |
00000nab a2200000 a 4500 |
| 001 |
vtls000626533 |
| 003 |
SK-MaSNL |
| 005 |
20260319075842.0 |
| 008 |
160401c1997 xo 0 hun |
| 015 |
|
|
|a SNBRB19rr/mm-uuuuu
|
| 035 |
|
|
|a CL0626672
|
| 040 |
|
|
|a SNKBUCL
|b slo
|c SNKBUCL
|e AACR2
|
| 041 |
0 |
|
|a hun
|
| 044 |
|
|
|a xo
|c SK
|
| 080 |
|
|
|a 362.13:362.78
|2 1981
|
| 080 |
|
|
|a 362.78
|2 1981
|
| 100 |
1 |
|
|a Michálek, Ladislav
|4 aut
|9 543957
|
| 245 |
1 |
0 |
|a Ádáz küzdelem az egészségért
|b Ötéves a komáromi Rehabilitációs Gyermekszanatórium
|c Ladislav Michálek, Ildikó N. Miskó
|
| 300 |
|
|
|b Fotogr. 1
|
| 650 |
0 |
7 |
|a Detské rehabilitačné sanatórium, Komárno
|2 snkbucl
|9 902654
|
| 651 |
|
7 |
|a 5204
|2 snkbucl
|9 376683
|
| 655 |
|
7 |
|a články z novín a časopisov
|2 snkbucl
|9 267496
|
| 700 |
1 |
|
|a Miskó, Ildikó N.,
|d 1965-
|4 aut
|9 891819
|
| 773 |
0 |
|
|t Szabad újság
|g Roč. 5, č. 19 (1997), s. 4
|
| 850 |
|
|
|a Slovenská národná knižnica v Martine
|a DSG001
|
| 852 |
|
|
|a SNK
|b KIS3GCP
|
| 958 |
|
|
|a HU
|
| 958 |
|
|
|a SK
|
| 958 |
|
|
|a RK
|
| 958 |
|
|
|a RBX
|
| 999 |
|
|
|c 1430613
|d 1432543
|